[Event "US Cadet Championship"]
[Site "Manchester, NH"]
[Date "2017.08.21"]
[Round "9.1"]
[White "Niemann, Hans"]
[Black "Huang, Andy"]
[Result "1-0"]
[BlackElo "2178"]
[WhiteElo "2254"]
[LiveChessVersion "1.4.8"]

1. b4 {[%clk 1:30:54]} e5 {[%clk 1:30:52]} 2. Bb2 {[%clk 1:31:13]} Bxb4
{[%clk 1:31:02]} 3. Bxe5 {[%clk 1:31:39]} Nf6 {[%clk 1:31:24]} 4. e3
{[%clk 1:31:49]} O-O {[%clk 1:31:05]} 5. c4 {[%clk 1:32:12]} Re8 {[%clk 1:29:09]}
6. Bb2 {[%clk 1:32:22]} d5 {[%clk 1:27:57]} 7. Nf3 {[%clk 1:32:14]} Nc6
{[%clk 1:26:30]} 8. cxd5 {[%clk 1:32:11]} Nxd5 {[%clk 1:26:43]} 9. Be2
{[%clk 1:32:15]} Bf5 {[%clk 1:14:43]} 10. O-O {[%clk 1:32:03]} h6
{[%clk 1:13:53]} 11. a3 {[%clk 1:30:31]} Bf8 {[%clk 1:13:38]} 12. d4
{[%clk 1:29:41]} a6 {[%clk 1:08:55]} 13. Nbd2 {[%clk 1:28:47]} Nb6
{[%clk 1:01:02]} 14. Nc4 {[%clk 1:26:29]} Nxc4 {[%clk 0:59:29]} 15. Bxc4
{[%clk 1:23:51]} Na5 {[%clk 0:57:41]} 16. Ba2 {[%clk 1:13:08]} c5
{[%clk 0:41:56]} 17. Ne5 {[%clk 1:11:41]} Be6 {[%clk 0:36:59]} 18. d5
{[%clk 1:11:31]} Bc8 {[%clk 0:35:32]} 19. Qh5 {[%clk 1:00:56]} Qf6
{[%clk 0:34:59]} 20. d6 {[%clk 1:00:39]} Be6 {[%clk 0:34:16]} 21. d7
{[%clk 0:58:28]} 1-0

[Event "US Cadet Championship"]
[Site "Manchester, NH"]
[Date "2017.08.21"]
[Round "9.2"]
[White "Nguyen, Emily"]
[Black "Shen, Christopher"]
[Result "0-1"]
[BlackElo "2167"]
[WhiteElo "2110"]
[LiveChessVersion "1.4.8"]

1. d4 {[%clk 1:30:57]} d6 {[%clk 1:30:53]} 2. Nf3 {[%clk 1:31:22]} g6
{[%clk 1:31:17]} 3. g3 {[%clk 1:31:44]} Bg7 {[%clk 1:31:17]} 4. Bg2
{[%clk 1:31:55]} Nf6 {[%clk 1:31:34]} 5. c4 {[%clk 1:32:19]} Bf5 {[%clk 1:31:39]}
6. Nc3 {[%clk 1:25:17]} Ne4 {[%clk 1:30:55]} 7. Nxe4 {[%clk 1:17:56]} Bxe4
{[%clk 1:31:21]} 8. Bf4 {[%clk 1:18:14]} O-O {[%clk 1:29:04]} 9. O-O
{[%clk 1:17:25]} c5 {[%clk 1:27:49]} 10. Be3 {[%clk 1:05:05]} Qb6
{[%clk 1:24:28]} 11. Qd2 {[%clk 1:04:56]} Nc6 {[%clk 1:19:11]} 12. d5
{[%clk 1:03:46]} Na5 {[%clk 1:10:15]} 13. b3 {[%clk 0:55:26]} Bxa1
{[%clk 1:02:05]} 14. Rxa1 {[%clk 0:55:51]} Bxf3 {[%clk 0:47:16]} 15. Bxf3
{[%clk 0:53:55]} e5 {[%clk 0:39:43]} 16. Bh6 {[%clk 0:48:35]} f6 {[%clk 0:34:31]}
17. Bxf8 {[%clk 0:46:09]} Rxf8 {[%clk 0:34:59]} 18. h4 {[%clk 0:43:43]} Kg7
{[%clk 0:32:57]} 19. e4 {[%clk 0:37:20]} Qb4 {[%clk 0:32:06]} 20. Qd3
{[%clk 0:28:14]} a6 {[%clk 0:30:15]} 21. Be2 {[%clk 0:24:52]} Rb8
{[%clk 0:29:36]} 22. h5 {[%clk 0:24:44]} b5 {[%clk 0:28:03]} 23. hxg6
{[%clk 0:23:40]} hxg6 {[%clk 0:27:33]} 24. Kg2 {[%clk 0:23:47]} bxc4
{[%clk 0:21:47]} 25. bxc4 {[%clk 0:24:03]} Qb2 {[%clk 0:20:05]} 26. Rh1
{[%clk 0:16:31]} Qd4 {[%clk 0:19:08]} 27. Qc2 {[%clk 0:16:20]} Rb4
{[%clk 0:13:45]} 28. a3 {[%clk 0:05:00]} Rb3 {[%clk 0:13:25]} 29. Rh4
{[%clk 0:03:30]} g5 {[%clk 0:12:21]} 30. Rh5 {[%clk 0:01:57]} Rxa3
{[%clk 0:04:32]} 31. Bf3 {[%clk 0:00:37]} Nxc4 {[%clk 0:03:40]} 32. Qb1
{[%clk 0:00:56]} Qb2 {[%clk 0:03:37]} 33. Qh1 {[%clk 0:01:01]} Ne3+
{[%clk 0:04:02]} 0-1

[Event "US Cadet Championship"]
[Site "Manchester, NH"]
[Date "2017.08.21"]
[Round "9.3"]
[White "Titus, Andrew"]
[Black "Lu, Albert"]
[Result "0-1"]
[BlackElo "2323"]
[WhiteElo "2131"]
[LiveChessVersion "1.4.8"]

1. e4 {[%clk 1:30:58]} e5 {[%clk 1:30:56]} 2. Nf3 {[%clk 1:31:25]} Nc6
{[%clk 1:31:21]} 3. Bb5 {[%clk 1:31:52]} a6 {[%clk 1:31:44]} 4. Ba4
{[%clk 1:32:20]} Nf6 {[%clk 1:32:07]} 5. O-O {[%clk 1:32:31]} Be7
{[%clk 1:32:33]} 6. Bxc6 {[%clk 1:32:45]} dxc6 {[%clk 1:32:38]} 7. Qe1
{[%clk 1:33:13]} Be6 {[%clk 1:32:31]} 8. b3 {[%clk 1:33:09]} Nd7 {[%clk 1:27:19]}
9. Bb2 {[%clk 1:33:08]} f6 {[%clk 1:26:15]} 10. d4 {[%clk 1:32:47]} Bd6
{[%clk 1:17:32]} 11. dxe5 {[%clk 1:28:09]} fxe5 {[%clk 1:17:48]} 12. Nbd2
{[%clk 1:21:42]} O-O {[%clk 1:16:34]} 13. h3 {[%clk 1:20:37]} Bf7
{[%clk 1:12:55]} 14. Qe3 {[%clk 1:05:03]} h6 {[%clk 1:12:16]} 15. Rfd1
{[%clk 1:03:46]} Bh5 {[%clk 1:11:10]} 16. g4 {[%clk 1:00:23]} Bg6
{[%clk 1:04:50]} 17. Nf1 {[%clk 0:56:43]} Qf6 {[%clk 1:03:16]} 18. Kg2
{[%clk 0:55:05]} h5 {[%clk 1:02:07]} 19. Ng3 {[%clk 0:53:26]} hxg4
{[%clk 1:02:03]} 20. hxg4 {[%clk 0:53:10]} Qf4 {[%clk 1:02:24]} 21. Nh2
{[%clk 0:51:34]} Qxe3 {[%clk 1:01:02]} 22. fxe3 {[%clk 0:51:41]} Nc5
{[%clk 1:00:32]} 23. Rf1 {[%clk 0:33:56]} Nxe4 {[%clk 0:58:38]} 24. Nf5
{[%clk 0:34:00]} Rf6 {[%clk 0:53:36]} 25. Nh4 {[%clk 0:29:36]} Bh7
{[%clk 0:50:26]} 26. Rxf6 {[%clk 0:24:59]} gxf6 {[%clk 0:46:38]} 27. Nf5
{[%clk 0:24:01]} Kf7 {[%clk 0:44:42]} 28. Rf1 {[%clk 0:23:39]} Bc5
{[%clk 0:32:29]} 29. Bc1 {[%clk 0:21:39]} Nd6 {[%clk 0:31:10]} 30. Ng3
{[%clk 0:15:22]} Bxc2 {[%clk 0:27:37]} 31. Nh5 {[%clk 0:15:41]} f5
{[%clk 0:27:33]} 32. Bb2 {[%clk 0:14:03]} Be4+ {[%clk 0:23:08]} 33. Kg3
{[%clk 0:12:48]} Ke6 {[%clk 0:21:37]} 34. Ng7+ {[%clk 0:12:55]} Kf6
{[%clk 0:21:48]} 35. Nxf5 {[%clk 0:12:28]} Bxf5 {[%clk 0:21:14]} 36. gxf5
{[%clk 0:12:32]} Nxf5+ {[%clk 0:21:32]} 37. Kf3 {[%clk 0:12:19]} Nxe3
{[%clk 0:19:57]} 38. Re1 {[%clk 0:06:26]} Rh8 {[%clk 0:17:15]} 39. Rh1
{[%clk 0:04:49]} Rh3+ {[%clk 0:15:58]} 40. Ke2 {[%clk 0:34:50]} Ke6
{[%clk 0:44:13]} 41. Bxe5 {[%clk 0:34:45]} Bd6 {[%clk 0:44:16]} 42. Bxd6
{[%clk 0:34:46]} cxd6 {[%clk 0:44:39]} 43. Kd2 {[%clk 0:34:37]} Rxh2+
{[%clk 0:45:05]} 0-1

[Event "US Cadet Championship"]
[Site "Manchester, NH"]
[Date "2017.08.21"]
[Round "9.4"]
[White "Nguyen, Trung"]
[Black "Li, Ben"]
[Result "1/2-1/2"]
[BlackElo "2305"]
[WhiteElo "2181"]
[LiveChessVersion "1.4.8"]

1. d4 {[%clk 1:30:57]} d5 {[%clk 1:28:18]} 2. Nf3 {[%clk 1:31:25]} Nf6
{[%clk 1:28:34]} 3. g3 {[%clk 1:31:53]} c5 {[%clk 1:28:49]} 4. c4
{[%clk 1:32:15]} cxd4 {[%clk 1:29:06]} 5. Bg2 {[%clk 1:32:41]} Qa5+
{[%clk 1:29:27]} 6. Bd2 {[%clk 1:29:45]} Qb6 {[%clk 1:29:44]} 7. Qc2
{[%clk 1:29:40]} Nc6 {[%clk 1:28:00]} 8. O-O {[%clk 1:25:35]} e6 {[%clk 1:25:57]}
9. Bg5 {[%clk 1:17:24]} Ne4 {[%clk 1:19:22]} 10. cxd5 {[%clk 1:16:45]} exd5
{[%clk 1:19:36]} 11. Nbd2 {[%clk 1:14:05]} Nb4 {[%clk 1:14:14]} 12. Qb1
{[%clk 1:04:42]} Nxg5 {[%clk 1:12:37]} 13. Nxg5 {[%clk 1:04:54]} Be7
{[%clk 1:11:43]} 14. Ngf3 {[%clk 0:58:39]} O-O {[%clk 0:57:23]} 15. Nb3
{[%clk 0:54:55]} d3 {[%clk 0:53:25]} 16. exd3 {[%clk 0:55:05]} Bf5 17. Rd1
{[%clk 0:53:02]} Bf6 {[%clk 0:53:40]} 18. a3 {[%clk 0:45:28]} Nc2
{[%clk 0:36:42]} 19. Qxc2 {[%clk 0:44:39]} Rac8 {[%clk 0:37:11]} 20. Qd2
{[%clk 0:41:28]} Qxb3 {[%clk 0:37:32]} 21. Qf4 {[%clk 0:38:21]} Bxd3
{[%clk 0:35:50]} 22. Ne5 Bc2 1/2-1/2

[Event "US Cadet Championship"]
[Site "Manchester, NH"]
[Date "2017.08.21"]
[Round "9.5"]
[White "Kim, Yoon-Young"]
[Black "Yip, Carissa"]
[Result "1/2-1/2"]
[BlackElo "2187"]
[WhiteElo "2293"]
[LiveChessVersion "1.4.8"]

1. d4 {[%clk 1:30:56]} Nf6 {[%clk 1:30:54]} 2. c4 {[%clk 1:31:22]} g6
{[%clk 1:31:19]} 3. Nc3 {[%clk 1:31:46]} d5 {[%clk 1:31:47]} 4. cxd5
{[%clk 1:32:00]} Nxd5 {[%clk 1:32:13]} 5. e4 {[%clk 1:32:21]} Nxc3
{[%clk 1:32:40]} 6. bxc3 {[%clk 1:32:44]} Bg7 {[%clk 1:32:58]} 7. Qa4+
{[%clk 1:32:44]} Bd7 {[%clk 1:32:13]} 8. Qa3 {[%clk 1:30:50]} O-O
{[%clk 1:31:57]} 9. Nf3 {[%clk 1:30:47]} Qc8 {[%clk 1:26:33]} 10. Be3
{[%clk 1:29:45]} c5 {[%clk 1:26:25]} 11. Rc1 {[%clk 1:29:01]} Rd8
{[%clk 1:22:23]} 12. Be2 {[%clk 1:27:24]} Bg4 {[%clk 1:21:08]} 13. O-O
{[%clk 1:26:09]} Nd7 {[%clk 1:20:34]} 14. h3 {[%clk 1:25:11]} Bxf3
{[%clk 1:20:11]} 15. Bxf3 {[%clk 1:25:39]} e5 {[%clk 1:20:32]} 16. Rfd1 Qc7
{[%clk 1:18:12]} 17. Be2 {[%clk 1:20:43]} a6 {[%clk 1:04:01]} 18. f3
{[%clk 1:10:28]} Rac8 {[%clk 1:02:47]} 19. Bg5 {[%clk 1:07:22]} Re8 20. Be3
{[%clk 0:58:59]} Kh8 {[%clk 0:58:50]} 21. Qb3 Nf8 22. a4 {[%clk 0:52:28]} Red8
{[%clk 0:51:16]} 23. d5 Rd6 {[%clk 0:48:49]} 24. Rb1 {[%clk 0:49:09]} Rb8
{[%clk 0:48:09]} 25. Qa3 {[%clk 0:46:41]} Nd7 {[%clk 0:47:57]} 26. Rb3 c4
{[%clk 0:42:51]} 27. Rb4 {[%clk 0:41:44]} b5 {[%clk 0:43:17]} 28. axb5
{[%clk 0:41:30]} axb5 {[%clk 0:43:40]} 29. Rdb1 {[%clk 0:41:19]} Bf8
{[%clk 0:39:02]} 30. Rxb5 {[%clk 0:37:15]} Rxb5 {[%clk 0:38:54]} 31. Rxb5
{[%clk 0:37:39]} Rxd5 {[%clk 0:38:40]} 32. Qa4 {[%clk 0:37:50]} Bc5
{[%clk 0:30:53]} 33. Qa8+ {[%clk 0:36:04]} Kg7 {[%clk 0:31:09]} 34. Qxd5
{[%clk 0:36:15]} Bxe3+ {[%clk 0:31:34]} 35. Kh2 {[%clk 0:33:30]} Qa7
{[%clk 0:30:33]} 36. Qd1 {[%clk 0:23:36]} Bf4+ {[%clk 0:30:32]} 37. Kh1
{[%clk 0:24:02]} Nf6 {[%clk 0:27:10]} 38. Qe1 {[%clk 0:20:16]} Nh5
{[%clk 0:18:28]} 39. g4 {[%clk 0:20:38]} Ng3+ {[%clk 0:18:56]} 40. Kg2
{[%clk 0:51:02]} Qa2 {[%clk 0:49:22]} 41. Kf2 {[%clk 0:48:04]} h5
{[%clk 0:42:50]} 42. Qd1 {[%clk 0:48:14]} hxg4 43. hxg4 Qa8 {[%clk 0:41:41]}
1/2-1/2